Un congreso europeísta (Record no. 175701)
[ view plain ]
| 000 -LEADER | |
|---|---|
| campo de control de longitud fija | 00752nam a2200181 i 4500 |
| 001 - NÚMERO DE CONTROL | |
| campo de control | 175701 |
| 003 - IDENTIFICADOR DE NÚMERO DE CONTROL | |
| campo de control | ES-MaACL |
| 005 - FECHA Y HORA DE LA ÚLTIMA TRANSACCIÓN | |
| campo de control | 20230906215910.0 |
| 007 - CAMPO FIJO DE DESCRIPCIÓN FÍSICA--INFORMACIÓN GENERAL | |
| campo de control de longitud fija | t| |
| 008 - DATOS DE LONGITUD FIJA--INFORMACIÓN GENERAL | |
| campo de control de longitud fija | 101117s1991 sp ||||1| spa d |
| 100 1# - ENTRADA PRINCIPAL--NOMBRE DE PERSONA | |
| Nombre de persona | Linage Conde, Antonio. |
| 9 (RLIN) | 72322 |
| 245 13 - MENCIÓN DEL TÍTULO | |
| Título | Un congreso europeísta |
| Resto del título | : León y San Isidoro, 26 a 28 de abril de 1985 / |
| Mención de responsabilidad, etc. | por Antonio Linage Conde. |
| 260 ## - PUBLICACIÓN, DISTRIBUCIÓN, ETC. | |
| Lugar de publicación, distribución, etc. | [S.l. : |
| Nombre del editor, distribuidor, etc. | Colegio de Registradores de la Propiedad y Mercantiles de España, |
| Fecha de publicación, distribución, etc. | 1991] |
| 300 ## - DESCRIPCIÓN FÍSICA | |
| Extensión | P. 349-368 : |
| Otras características físicas | il. ; |
| Dimensiones | 24 cm. |
| 595 ## - | |
| -- | Separata de: Centenario del Código civil / dir. Francisco Rico Pérez, v. 2. |
| 596 ## - NOTA AL PIE DE IMPRENTA | |
| NOTA AL PIE DE IMPRENTA | En cub.: Real Federación Taurina de España, Círculo Taurino Universitario "Don Luis Mazzantini" |
| 852 ## - LOCALIZACIÓN | |
| Ubicación | ES-MaACL |
| Número de control de estantería | 2303-F-26 |
| Estatus retirado | Estado de pérdida | Estado de daño | No para préstamo | Colección | Biblioteca de origen | Biblioteca actual | Ubicación en estantería | Fecha de adquisición | Fuente de adquisición | Total de préstamos | Signatura topográfica completa | Código de barras | Visto por última vez | Precio de reemplazo | Tipo de ítem Koha |
|---|---|---|---|---|---|---|---|---|---|---|---|---|---|---|---|
| Colección de folletos | Biblioteca del Ateneo de Madrid | Biblioteca del Ateneo de Madrid | Depósito folletos | 17/11/2010 | 2303-F-26 | 1184504 | 23/02/2023 | 23/02/2023 | Folleto |
